[Event "FIDE World Blitz 2014"]
[Site "Dubai UAE"]
[Date "2014.06.20"]
[Round "12.4"]
[White "Fressinet,L"]
[Black "Le Quang Liem"]
[Result "0-1"]
[WhiteElo "2717"]
[BlackElo "2712"]

1.e4 c5 2.Nf3 d6 3.Bb5+ Bd7 4.Bxd7+ Nxd7 5.O-O Ngf6 6.Qe2 e6 7.b3 Be7 8.Bb2 O-O
9.c4 Rc8 10.d4 cxd4 11.Nxd4 a6 12.Nc3 Qc7 13.Rac1 Rfe8 14.Rfd1 Qb8 15.h3 Bf8
16.Qd2 Red8 17.Nf3 b5 18.cxb5 axb5 19.Qe2 b4 20.Na4 d5 21.exd5 Nxd5 22.Nd4 Qd6
23.Qd2 N7f6 24.Nf3 Ne4 25.Qd4 Nec3 26.Bxc3 bxc3 27.Rc2 g6 28.Qh4 Bg7 29.Ng5 h6
30.Ne4 Qb4 31.Rxd5 exd5 32.Nf6+ Bxf6 33.Qxb4 d4 34.Nxc3 dxc3 35.Qf4 Kg7 36.g3 Rd1+
37.Kg2 Rcd8 38.Qc4 R8d3 39.a4 R1d2 40.Rc1 Bd4 41.Rf1 c2 42.a5 Rc3 43.Qd5 c1=Q
44.Rxc1 Rxf2+  0-1

[Event "FIDE World Blitz 2014"]
[Site "Dubai UAE"]
[Date "2014.06.20"]
[Round "14.5"]
[White "Yudin,S"]
[Black "Le Quang Liem"]
[Result "1/2-1/2"]
[WhiteElo "2546"]
[BlackElo "2712"]

1.e4 c5 2.Nf3 e6 3.c3 Nf6 4.e5 Nd5 5.d4 cxd4 6.cxd4 d6 7.a3 Nc6 8.Bd3 Be7
9.O-O O-O 10.Qe2 Qc7 11.Re1 Rd8 12.Qe4 g6 13.h4 Bd7 14.h5 f5 15.exf6 Nxf6
16.Qh4 Nxh5 17.Bg5 Bxg5 18.Nxg5 d5 19.g3 Bc8 20.Nc3 Qe7 21.Ne2 Rf8 22.b4 a6
23.Rad1 Bd7 24.Bc2 Rae8 25.f4 Qg7 26.Kg2 Rc8 27.Bb1 Ne7 28.Ng1 Nf5 29.Bxf5 exf5
30.N5f3 Nf6 31.Rc1 Ne4 32.Ne5 Bb5 33.Ngf3 Qf6 34.Ng5 h5 35.Nxe4 Qxh4 36.gxh4 dxe4
37.Nxg6 Rxc1 38.Rxc1 Rf7 39.Ne5 Rf6 40.d5 Rd6 41.Rd1 Kg7 42.Kf2 Kf6 43.Ke3 Be8
44.Nc4 Rd8 45.d6 Ke6 46.Rg1 b5 47.Ne5 Rxd6 48.Rg8 Ke7 49.Rg7+ Ke6 50.Rg8 Ke7
51.Rg7+ Kf6 52.Rg8 Ke7 53.Rg7+ Kd8 54.Rg5 Rf6 55.Rg7 a5 56.Kd4 axb4 57.axb4 Rd6+
58.Ke3 Rd1 59.Rg5 Re1+ 60.Kd4 Rd1+ 61.Ke3 Re1+ 62.Kd4 Rd1+ 63.Ke3 Rb1 64.Rxf5 Rxb4
65.Rf6 Ra4 66.Rd6+ Ke7 67.Rb6 b4 68.f5 Ra5 69.Kxe4 Ra4 70.f6+ Kf8 71.Kf5 Ra5
72.Rb8 Rb5 73.Ra8 b3 74.f7 Rxe5+ 75.Kxe5 Kxf7 76.Rb8 Ba4 77.Rb4 Bd7 78.Rxb3 Bg4
79.Rb6 Kg7 80.Kf4 Kf7 81.Kg5 Be2 82.Rf6+ Ke7 83.Rf4 Bg4 84.Kg6 Ke6 85.Re4+ Kd5
86.Re1 Kd6 87.Kf6 Kd5 88.Re8 Kd4 89.Kg5 Kd5 90.Kf4 Kd6 91.Re1 Kd5 92.Re5+ Kd6
93.Ke4 Bf3+ 94.Kd4 Bg4 95.Re3 Bf5 96.Ra3 Bg4 97.Ra6+ Ke7 98.Ke5 Kf7 99.Kf4 Ke7
100.Kg5 Kf7 101.Rf6+ Ke7 102.Rf1 Ke6 103.Rf2 Ke5  1/2-1/2

[Event "FIDE World Blitz 2014"]
[Site "Dubai UAE"]
[Date "2014.06.20"]
[Round "15.5"]
[White "Le Quang Liem"]
[Black "Aronian,L"]
[Result "0-1"]
[WhiteElo "2712"]
[BlackElo "2815"]

1.d4 Nf6 2.Bg5 g6 3.Bxf6 exf6 4.e3 d5 5.g3 Bd6 6.Bg2 c6 7.Nd2 Be6 8.Ne2 h5
9.h4 Nd7 10.Rc1 Nb6 11.b3 Qe7 12.O-O g5 13.c4 Ba3 14.cxd5 Nxd5 15.Rb1 gxh4
16.e4 Nb6 17.d5 Bg4 18.Nc4 Nxc4 19.bxc4 hxg3 20.e5 gxf2+ 21.Rxf2 Bc5 22.dxc6 Rd8
23.Qe1 Qxe5 24.cxb7 O-O 25.Nc3 Bxf2+ 26.Kxf2 Qc5+ 27.Kg3 Rfe8 28.Ne4 Qe5+
29.Kf2 f5 30.Rb5 Qf4+ 31.Kg1 fxe4 32.c5 Rd1 33.Qxd1 Bxd1 34.c6 e3  0-1

[Event "FIDE World Blitz 2014"]
[Site "Dubai UAE"]
[Date "2014.06.20"]
[Round "16.6"]
[White "Caruana,F"]
[Black "Le Quang Liem"]
[Result "1-0"]
[WhiteElo "2791"]
[BlackElo "2712"]

1.Nf3 Nf6 2.g3 d5 3.Bg2 g6 4.O-O Bg7 5.d3 O-O 6.Nbd2 c5 7.e4 Nc6 8.c3 e5
9.a4 b6 10.exd5 Nxd5 11.Nc4 f6 12.Re1 Be6 13.Nfd2 Qd7 14.Ne4 Rfd8 15.Qe2 Kh8
16.a5 Rab8 17.axb6 axb6 18.Bd2 Bg8 19.Ra6 f5 20.Ng5 e4 21.Raa1 Nde7 22.dxe4 b5
23.Bf4 Bxc4 24.Qe3 Ra8 25.Rxa8 Rxa8 26.exf5 Nxf5 27.Qxc5 Rc8 28.b3 Nce7 29.Qa3 Bg8
30.g4 Nh4 31.Qxe7 Qxg4 32.Bg3 Nxg2 33.Kxg2 Bd5+ 34.f3 Qf5 35.Be5 Qf8 36.Qd7 Qg8
37.Bxg7+ Qxg7 38.Qxc8+ Bg8 39.Re8 h6 40.Ne6 Qf7 41.Rxg8+ Qxg8 42.Qxg8+ Kxg8
43.Nd4 Kf7 44.Nxb5  1-0

[Event "FIDE World Blitz 2014"]
[Site "Dubai UAE"]
[Date "2014.06.20"]
[Round "18.11"]
[White "Riazantsev,A"]
[Black "Le Quang Liem"]
[Result "0-1"]
[WhiteElo "2692"]
[BlackElo "2712"]

1.d4 Nf6 2.c4 g6 3.Nc3 d5 4.Bf4 Bg7 5.e3 O-O 6.Rc1 Be6 7.c5 c6 8.h3 Ne4 9.Bd3 Nxc3
10.Rxc3 b6 11.Nf3 bxc5 12.Rxc5 Qb6 13.Qc1 Rc8 14.Bxb8 Raxb8 15.b3 Bd7 16.O-O e6
17.Ne5 Be8 18.Be2 Bf8 19.Rc2 a5 20.Nd3 a4 21.bxa4 Qa7 22.Nc5 Bxc5 23.Rxc5 Qxa4
24.Qc2 Ra8 25.Ra1 Rcb8 26.Qxa4 Rxa4 27.Rc2 Ra3 28.Kf1 Kf8 29.Ke1 Ke7 30.Kd2 Kd6
31.Rc3 Rb2+ 32.Rc2 Rb7 33.Rc3 Ra5 34.a3 e5 35.Bd1 Bd7 36.Rac1 g5 37.a4 Rb4
38.dxe5+ Kxe5 39.Rc5 Ra6 40.Ra1 Kd6 41.Rc3 Ra5 42.Bc2 h5 43.Rca3 c5 44.R3a2 Be6
45.Ra3 h4 46.Bd1 Rb2+ 47.Ke1 Bf5 48.Rc1 Be4 49.Bf3 Bxf3 50.gxf3 Rb4 51.Rca1 c4
52.R3a2 Kc5 53.Kd2 Rb3 54.Kc2 d4 55.exd4+ Kxd4 56.Rd1+ Kc5 57.f4 gxf4 58.Rd7 Rxh3
59.Rxf7 Rf3 60.Rf5+ Kb4 61.Rb2+ Rb3 62.Rxf4 Rxb2+ 63.Kxb2 Rh5 64.Rg4 h3 65.Rg1 Rf5
66.Rf1 h2 67.a5 Rxf2+ 68.Rxf2 h1=Q 69.a6 c3+  0-1

[Event "FIDE World Blitz 2014"]
[Site "Dubai UAE"]
[Date "2014.06.20"]
[Round "19.9"]
[White "Matlakov,M"]
[Black "Le Quang Liem"]
[Result "0-1"]
[WhiteElo "2689"]
[BlackElo "2712"]

1.Nf3 c5 2.c4 Nf6 3.Nc3 d5 4.cxd5 Nxd5 5.g3 Nc6 6.Bg2 Nc7 7.O-O e5 8.a3 Rb8
9.d3 Be7 10.Nd2 Bd7 11.Nc4 f6 12.f4 O-O 13.fxe5 Nxe5 14.Nxe5 fxe5 15.Rxf8+ Bxf8
16.Be3 Ne6 17.Qb3 Kh8 18.Rf1 Be7 19.Qd5 b6 20.Qxe5 Bf6 21.Qd6 Nd4 22.Bf4 Rc8
23.e3 Nf5 24.Qd5 Qe7 25.Ne4 Be6 26.Nxf6 Bxd5 27.Nxd5 Qe8 28.Be4 Ne7 29.Nc3 Ng6
30.Nd5 Nxf4 31.Rxf4 Rd8 32.Kf2 Qe5 33.Nc3 Qd6 34.Ke2 Rf8 35.Rh4 g6 36.Nd5 Qe5
37.Nc3 Kg7 38.Bg2 Qf5 39.Ne4 g5 40.g4 Qe5 41.Rh3 Qxb2+ 42.Ke1 Qxg2  0-1

[Event "FIDE World Blitz 2014"]
[Site "Dubai UAE"]
[Date "2014.06.20"]
[Round "20.4"]
[White "Le Quang Liem"]
[Black "Anand,V"]
[Result "1-0"]
[WhiteElo "2712"]
[BlackElo "2785"]

1.Nf3 d5 2.g3 g6 3.Bg2 Bg7 4.c4 dxc4 5.Na3 e5 6.Qc2 Nc6 7.Nxc4 Nge7 8.d3 O-O
9.O-O h6 10.h3 Nf5 11.Bd2 Nfd4 12.Nxd4 Nxd4 13.Qd1 Re8 14.Bc3 c6 15.Rc1 a5
16.a4 Be6 17.b3 b5 18.Nd2 Rc8 19.Bxd4 exd4 20.Rxc6 bxa4 21.bxa4 Rxc6 22.Bxc6 Re7
23.Bg2 Rc7 24.Qb1 Bf8 25.Nc4 Bxc4 26.dxc4 Rxc4 27.Qd3 Rc2  1-0

[Event "FIDE World Blitz 2014"]
[Site "Dubai UAE"]
[Date "2014.06.20"]
[Round "21.5"]
[White "Wojtaszek,R"]
[Black "Le Quang Liem"]
[Result "0-1"]
[WhiteElo "2715"]
[BlackElo "2712"]

1.Nf3 Nf6 2.c4 c6 3.d4 d5 4.e3 e6 5.Bd3 Nbd7 6.O-O Bd6 7.Nc3 O-O 8.Qc2 Qe7
9.e4 dxc4 10.Bxc4 e5 11.h3 b5 12.Bb3 Bb7 13.Re1 a6 14.Bg5 h6 15.Bh4 Rfe8
16.Rad1 Rad8 17.dxe5 Bxe5 18.Nxe5 Nxe5 19.f4 Ng6 20.Bxf6 gxf6 21.Qf2 Qc7
22.e5 Rxd1 23.Rxd1 fxe5 24.Ne4 Rd8 25.Rxd8+ Qxd8 26.f5 Nf4 27.f6 Qd4 28.Qxd4 exd4
29.Nd6 Ba8 30.Nxf7 c5 31.Nxh6+ Kf8 32.g4 c4 33.Bd1 Nxh3+ 34.Kf1 Be4 35.Ke2 Nf4+
36.Kd2 b4 37.Nf5 c3+ 38.bxc3 bxc3+ 39.Kc1 Nd3+ 40.Kc2 Nc5+ 41.Kc1 Bxf5 42.gxf5 Kf7
43.Kc2 Kxf6 44.Bg4 a5 45.a3 Ke5 46.Bh3 Ne4 47.Bg4 Nd6 48.Kd3 Nxf5 49.Bd1 Kd5
50.Bb3+ Kc5 51.Ba4 Ne7 52.Bb3 Nc6 53.Ke4 Na7 54.Kd3 Nb5 55.a4 Nc7  0-1